Score 0/5 Timer 06:00
0 Plays Today
Who Sings It Lyrics % Correct
Stewie???
91.7%
Lois???
66.7%
Chris Meg Stewie Peter Lois???
16.7%
Peter???
0%
Chris Meg Stewie Peter Lois???
0%
Remove Ads.
Support Sporcle.
Get the best of Sporcle when you Go Orange. This ad-free experience offers more features, more stats, and more fun while also helping to support Sporcle. Thank you for becoming a member.

You're not logged in!

Compare scores with friends on all Sporcle quizzes.
OR
Log In

Show Comments

Extras

Created Dec 21, 2012ReportNominate
Tags:Role Quiz, Song Quiz, Family, Guy, Sing

Top Quizzes Today


Score Distribution

Your Account Isn't Verified!

In order to create a playlist on Sporcle, you need to verify the email address you used during registration. Go to your Sporcle Settings to finish the process.

Report this User

Report this user for behavior that violates our Community Guidelines.

Details: